Normal view
MARC view
- Oracle
Entry Topical Term
001 - CONTROL NUMBER
- control field: 181062
003 - CONTROL NUMBER IDENTIFIER
- control field: OSt
005 - DATE AND TIME OF LATEST TRANSACTION
- control field: 20230416050129.0
008 - FIXED-LENGTH DATA ELEMENTS
- fixed length control field: 230416|| aca||aabn | a|a d
040 ## - CATALOGING SOURCE
- Original cataloging agency: OSt
- Transcribing agency: OSt
150 ## - HEADING--TOPICAL TERM
- Topical term or geographic name entry element: Oracle
670 ## - SOURCE DATA FOUND
- Source citation: Work cat.: (OSt)93723: Loney K 111863, Oracle Database 10g DBA Handbook, 2006